Normal view
MARC view
Entry Nombre geográfico
001 - NÚMERO DE CONTROL
- campo de control: 45329
003 - IDENTIFICADOR DEL NÚMERO DE CONTROL
- campo de control: OSt
005 - FECHA Y HORA DE LA ÚLTIMA TRANSACCIÓN
- campo de control: 20211111120944.0
008 - DATOS DE LONGITUD FIJA
- campo de control de longitud fija: 200615|| aca||aabn | a|a d
040 ## - FUENTE DE LA CATALOGACIÓN
- Centro catalogador/agencia de origen: OSt
- Centro/agencia transcriptor: OSt
151 1# - ENCABEZAMIENTO--NOMBRE GEOGRÁFICO
- Nombre geográfico: La Romana (República Dominicana)
451 1# - TRAZADO DE VÉASE--NOMBRE GEOGRÁFICO
- Nombre geográfico: Romana (La Romana, República Dominicana)
670 ## - FUENTE DE DATOS ENCONTRADOS
- Cita de la fuente: Work cat.: (OSt)21321: Jarvis Luis, Rafael, 1964- 38002, La Romana :, 1999.
670 ## - FUENTE DE DATOS ENCONTRADOS
- Cita de la fuente: República Dominicana. Depto. de Censos y Encuestas. Div. de Cartografía. Paraje sección, La Romana ... Provincia La Romana, 1980.
